| 000 -GUIDE |
| Champ de contrôle de longueur fixe |
02378nam a22003617a 4500 |
| 003 - IDENTITÉ DU NUMÉRO DE CONTRÔLE |
| Champ de contrôle |
BI-BuBU |
| 008 - ÉLÉMENTS DE LONGUEUR FIXE - RENSEIGNEMENTS GÉNÉRAUX |
| Champ de contrôle de longueur fixe |
150709t2015 bd ||||dr|||| 000 0 fre d |
| 037 ## - SOURCE D'ACQUISITION |
| Source d'acquisition et du numéro d'inventaire |
Don de l' auteur |
| 039 ## - NIVEAU DE CONTRÔLE BIBLIOGRAPHIQUE ET HISTORIQUE D'ENCODAGE [OBSOLETE] |
| Date creation |
2015070903293.0 |
| Nom catalographe |
Marie Goretti Ndayizeye |
| 040 ## - SOURCE DU CATALOGAGE |
| Organisme qui a effectué le catalogage original |
BI-BuBU |
| Code de la langue utilisée dans le catalogage |
fre |
| Organisme qui a effectué la transcription |
BI-BuBU |
| Organisme qui a effectué la modification |
BI-BuBU |
| 041 0# - CODE DE LANGUE |
| Code de langue du texte/de la piste sonore ou du titre distinct |
fre |
| 080 ## - INDICE DE LA CLASSIFICATION DÉCIMALE UNIVERSELLE (CDU) |
| Indice de la Classification décimale universelle |
665.353. |
| 100 1# - VEDETTE PRINCIPALE - NOM DE PERSONNE |
| Code de relation |
aut. |
| Nom de personne |
Kazohoye, Jérôme Jotham |
| 245 10 - MENTION DU TITRE |
| Titre |
Contribution à l' étude de la dégradation de l' huile de palme artisanale suite à des utilisations répétitives |
| Mention de responsabilité, etc. |
Jérôme Jotham ; Claire Nineza, directeur |
| 260 ## - PUBLICATION, DIFFUSION, ETC. (ADRESSE BIBLIOGRAPHIQUE) |
| Lieu de publication, diffusion, etc. |
Bujumbura |
| Nom de l'éditeur, diffuseur, etc. |
Université du Burundi, Institut de Pédagogie Appliquée |
| Date of publication, distribution, etc |
2015 |
| 300 ## - DESCRIPTION MATÉRIELLE |
| Collation |
X-47 f. |
| Dimensions |
30 cm. |
| 500 ## - NOTE GÉNÉRALE |
| Note générale |
Mémoire présenté et défendu publiquement en vue de l' obtention du grade de Licencié en Pédagogie Appliquée, agrégé de l' Enseignement Secondaire en Chimie |
| 520 ## - RÉSUMÉ, ETC. |
| Résumé, etc. |
RESUME<br/><br/>Le but de notre travail était de suivre l'évolution de quelques caractéristiques physiques et chimiques de l'huile de palme artisanale utilisée de façon répétitive. Les résultats obtenus stipulent que la densité diminue au début et augmente ensuite à cause de l'augmentation des impuretés. La teneur en eau augmente avec le temps ce qui fait varier l'indice d'acidité par hydrolyse des acides gras. L'indice de perosyde augmente avec le temps ce qui montre que la dégradation s'accentue. Quant à l'indice d'iode, il diminue à cause de la diminution de la teneur en acides gras insaturés. L'indice de saponification et l'indice d'ester augmentent car le phénomène d'hydrolyse provoque l'apparition des acides gras libres.<br/><br/>D'après les résultats obtenus, il serait bon d'utiliser l'huile de palme artisanale une seule fois car sa dégradation provoque une perte incontournable de ses qualités organoleptiques et nutritionnelles, ce qui pourrait entraîner de graves problèmes de santé.<br/> |
| 600 ## - VEDETTE-MATIÈRE - NOM DE PERSONNE |
| Source du terme |
BI-BuBU |
| 610 ## - VEDETTE-MATIÈRE - NOM DE COLLECTIVITÉ |
| Source du terme |
BI-BuBU |
| 611 ## - VEDETTE-MATIÈRE - NOM DE RÉUNION |
| Source du terme |
BI-BuBU |
| 648 ## - VEDETTE-MATIÈRE - TERME CHRONOLOGIQUE |
| Source du terme |
BI-BuBU |
| 650 #7 - VEDETTE-MATIÈRE - NOM COMMUN |
| Source du terme |
BI-BuBU |
| Vedette de sujet ou vedette comportant un nom géographique |
Huile de palme artisanale |
| Subdivision générale |
Dégradation |
| 9 (RLIN) |
113196 |
| 651 ## - VEDETTE-MATIÈRE - NOM GÉOGRAPHIQUE |
| Source du terme |
BI-BuBU |
| 654 ## - VEDETTE-MATIÈRE - TERMES À FACETTES |
| Source du terme |
BI-BuBU |
| 655 #7 - TERME D'INDEXATION - GENRE OU FORME |
| Source du terme |
BI-BuBU |
| Données ou terme dominant sur le genre ou la forme |
Mémoire |
| 9 (RLIN) |
113197 |
| 662 ## - VEDETTE-MATIÈRE - NOM HIÉRARCHIQUE DE LIEU |
| Source du terme |
BI-BuBU |
| 690 ## - VEDETTE MATIÈRE LOCALE --VEDETTE (OCLC, RLIN) |
| Source du terme |
BI-BuBU |
| 700 1# - VEDETTE SECONDAIRE - NOM DE PERSONNE |
| Code de relation |
dir. |
| Nom d'auteur |
Nineza, Claire |
| 9 (RLIN) |
113198 |
| 710 ## - VEDETTE SECONDAIRE - NOM DE COLLECTIVITÉ |
| Nom de la collectivité ou nom de lieu comme élément de classement |
Université du Burundi |
| Collectivité subordonnée |
Institut de pédagogie Appliquée |
| 9 (RLIN) |
113199 |
| 942 ## - ÉLÉMENTS D'ENTRÉE ADDITIONNELLE (KOHA) |
| Source de la classification ou du système de rangement |
|
| Type d item koha |
Memoire |